[Event "17th EUR-ch"]
[Site "Gjakova KOS"]
[Date "2016.05.15"]
[Round "4.6"]
[White "Oleksiyenko, Mykhaylo"]
[Black "Vitiugov, Nikita"]
[Result "0-1"]
[WhiteElo "2622"]
[BlackElo "2721"]
[EventDate "2016.05.12"]
[PlyCount "102"]

1.d4 Nf6 2.c4 e6 3.Nf3 d5 4.Nc3 Bb4 5.Qa4+ Nc6 6.e3 O-O 7.Bd2 dxc4 8.Bxc4 
Bd6 9.Nb5 Be7 10.O-O a6 11.Nc3 Bd6 12.Qc2 b5 13.Be2 Bb7 14.Ne4 Nxe4 15.
Qxe4 Na5 16.Qg4 Nc4 17.Bc3 f5 18.Qg5 Be7 19.Qh5 Nd6 20.Ne5 Ne4 21.Bd3 Nxc3
22.bxc3 Bd6 23.f4 Bxe5 24.fxe5 c5 25.Qe2 cxd4 26.cxd4 Qd7 27.Qb2 Rac8 28.
Rac1 Bd5 29.a3 Qb7 30.g3 h6 31.Rxc8 Rxc8 32.Rc1 Rxc1+ 33.Qxc1 a5 34.g4 
fxg4 35.Qc5 Bh1 36.e4 Bxe4 37.Bxb5 Qf7 38.Bc6 Bd3 39.Qc1 Qc7 40.Qc5 Qb8 
41.Bg2 Qb1+ 42.Kf2 Qb2+ 43.Kg3 Qd2 44.d5 h5 45.d6 g5 46.Qc8+ Kg7 47.Qd7+ 
Kh6 48.Qxe6+ Bg6 49.Be4 h4+ 50.Kxg4 Qf4+ 51.Kh3 Qxe4 0-1

[Event "17th EUR-ch"]
[Site "Gjakova KOS"]
[Date "2016.05.15"]
[Round "4.7"]
[White "Ponomariov, Ruslan"]
[Black "Anton Guijarro, David"]
[Result "1/2-1/2"]
[WhiteElo "2715"]
[BlackElo "2616"]
[EventDate "2016.05.12"]
[PlyCount "41"]

1.d4 Nf6 2.c4 e6 3.Nf3 b6 4.g3 Bb7 5.Bg2 Be7 6.O-O O-O 7.Re1 d5 8.cxd5 
exd5 9.Nc3 Nbd7 10.Bf4 c5 11.dxc5 Nxc5 12.Be5 Nfe4 13.Rc1 Re8 14.a3 Bf8 
15.b4 Nxc3 16.Bxc3 Ne4 17.Bd4 a5 18.Qb3 axb4 19.axb4 Qd6 20.b5 Ra3 21.Qb2 
1/2-1/2

[Event "17th EUR-ch"]
[Site "Gjakova KOS"]
[Date "2016.05.15"]
[Round "4.8"]
[White "Vallejo Pons, Francisco"]
[Black "Salgado Lopez, Ivan"]
[Result "1/2-1/2"]
[WhiteElo "2700"]
[BlackElo "2618"]
[EventDate "2016.05.12"]
[PlyCount "37"]

1.Nf3 Nf6 2.c4 c5 3.Nc3 d5 4.cxd5 Nxd5 5.d4 Nxc3 6.bxc3 g6 7.Bg5 Bg7 8.e3 
Qa5 9.Qb3 cxd4 10.Qb5+ Qxb5 11.Bxb5+ Bd7 12.Bxd7+ Kxd7 13.cxd4 Nc6 14.Ke2 
Rhc8 15.Rhc1 b6 16.Rab1 e6 17.h4 f6 18.Bf4 Bf8 19.e4 1/2-1/2

[Event "17th EUR-ch"]
[Site "Gjakova KOS"]
[Date "2016.05.15"]
[Round "4.9"]
[White "Pantsulaia, Levan"]
[Black "Fressinet, Laurent"]
[Result "1/2-1/2"]
[WhiteElo "2613"]
[BlackElo "2692"]
[EventDate "2016.05.12"]
[PlyCount "71"]

1.Nf3 Nf6 2.g3 d5 3.Bg2 e6 4.O-O Be7 5.c4 O-O 6.b3 c5 7.e3 Nc6 8.Bb2 b6 9.
Nc3 Ba6 10.Nb5 Rc8 11.Qe2 Bb7 12.Rac1 Re8 13.d3 a6 14.Nc3 d4 15.exd4 Nxd4 
16.Nxd4 Bxg2 17.Kxg2 cxd4 18.Ne4 Nxe4 19.Qxe4 Bc5 20.f4 Qd7 21.Rfe1 a5 22.
Rc2 a4 23.Bc1 axb3 24.axb3 Ra8 25.Bd2 Ra3 26.Rb1 Rea8 27.Bc1 R3a6 28.b4 
Bf8 29.Rbb2 h6 30.Bd2 Rc8 31.Be1 Ra4 32.Qf3 Ra1 33.Bf2 Ra4 34.Be1 Ra1 35.
Bf2 Ra4 36.Be1 1/2-1/2

[Event "17th EUR-ch"]
[Site "Gjakova KOS"]
[Date "2016.05.15"]
[Round "4.10"]
[White "Zubov, Alexander"]
[Black "Korobov, Anton"]
[Result "1/2-1/2"]
[WhiteElo "2612"]
[BlackElo "2674"]
[EventDate "2016.05.12"]
[PlyCount "38"]

1.d4 Nf6 2.Nf3 e6 3.c4 b6 4.g3 Ba6 5.b3 Bb4+ 6.Bd2 Be7 7.Bg2 c6 8.Bc3 d5 
9.Ne5 Nfd7 10.Nxd7 Nxd7 11.Nd2 O-O 12.O-O b5 13.cxd5 cxd5 14.b4 Nb6 15.Nb3
Bb7 16.Nc5 Bc6 17.e3 Nc4 18.a4 bxa4 19.Nxa4 a5 1/2-1/2

[Event "17th EUR-ch"]
[Site "Gjakova KOS"]
[Date "2016.05.15"]
[Round "4.11"]
[White "Laznicka, Viktor"]
[Black "Goganov, Aleksey"]
[Result "1/2-1/2"]
[WhiteElo "2668"]
[BlackElo "2600"]
[EventDate "2016.05.12"]
[PlyCount "61"]

1.e4 e5 2.Nf3 Nc6 3.Bb5 Nf6 4.d3 Bc5 5.Bxc6 dxc6 6.Nbd2 Bg4 7.h3 Bh5 8.Nc4
Nd7 9.g4 Bg6 10.Qe2 Qe7 11.Bd2 O-O-O 12.O-O-O f6 13.Ne3 Nf8 14.Nf5 Qf7 15.
Kb1 Ne6 16.Be3 Rhe8 17.Bxc5 Nxc5 18.Qe3 b6 19.Rhe1 Ne6 20.d4 Bxf5 21.gxf5 
Nxd4 22.Nxd4 exd4 23.Rxd4 Rxd4 24.Qxd4 Qh5 25.Qe3 g6 26.fxg6 hxg6 27.f4 
Rh8 28.Rh1 g5 29.fxg5 Qxg5 30.Qf3 Kb7 31.b3 1/2-1/2

[Event "17th EUR-ch"]
[Site "Gjakova KOS"]
[Date "2016.05.15"]
[Round "4.13"]
[White "Saric, Ivan"]
[Black "Vocaturo, Daniele"]
[Result "1-0"]
[WhiteElo "2650"]
[BlackElo "2574"]
[EventDate "2016.05.12"]
[PlyCount "83"]

1.e4 c5 2.Nf3 e6 3.d4 cxd4 4.Nxd4 Nc6 5.Nc3 Qc7 6.g3 a6 7.Bg2 Nf6 8.O-O 
Be7 9.Re1 O-O 10.Nxc6 dxc6 11.e5 Rd8 12.Qf3 Nd5 13.h4 Nxc3 14.Qxc3 Bd7 15.
Bg5 Bxg5 16.hxg5 c5 17.Re4 Rac8 18.Rh4 Bc6 19.Rc1 Qd7 20.Kh2 Qd2 21.Qxd2 
Rxd2 22.Bxc6 Rxc6 23.Kg2 c4 24.Rch1 Kf8 25.Rxh7 Re2 26.Rd1 Rxe5 27.Rd7 Kg8
28.g6 fxg6 29.Rdxg7+ Kf8 30.Rxb7 Kg8 31.Rhg7+ Kf8 32.Rbf7+ Ke8 33.Ra7 Kf8 
34.Rgb7 Rc8 35.Rxa6 c3 36.bxc3 Re2 37.a4 g5 38.a5 g4 39.Rd6 Kg8 40.Rd4 
Rxc2 41.Rxg4+ Kf8 42.a6 1-0

[Event "17th EUR-ch"]
[Site "Gjakova KOS"]
[Date "2016.05.15"]
[Round "4.14"]
[White "Gagunashvili, Merab"]
[Black "Grandelius, Nils"]
[Result "1/2-1/2"]
[WhiteElo "2569"]
[BlackElo "2649"]
[EventDate "2016.05.12"]
[PlyCount "54"]

1.d4 Nf6 2.c4 e6 3.Nc3 Bb4 4.Qc2 d5 5.cxd5 exd5 6.Bg5 h6 7.Bh4 Nc6 8.e3 g5
9.Bg3 h5 10.h4 Ne4 11.Ne2 Nxg3 12.Nxg3 Bg4 13.hxg5 Qxg5 14.Be2 O-O-O 15.
O-O-O Bxc3 16.Bxg4+ hxg4 17.Qxc3 Ne7 18.Qd3 Qf6 19.Qe2 Qe6 20.Rxh8 Rxh8 
21.Rh1 Rxh1+ 22.Nxh1 Ng6 23.Ng3 Nh4 24.Qf1 Qc6+ 25.Kb1 Qg6+ 26.Kc1 Qc6+ 
27.Kb1 Qg6+ 1/2-1/2

[Event "17th EUR-ch"]
[Site "Gjakova KOS"]
[Date "2016.05.15"]
[Round "4.15"]
[White "Svane, Rasmus"]
[Black "Zhigalko, Sergei"]
[Result "0-1"]
[WhiteElo "2526"]
[BlackElo "2647"]
[EventDate "2016.05.12"]
[PlyCount "146"]

1.d4 Nf6 2.c4 e6 3.Nc3 Bb4 4.Qc2 O-O 5.Nf3 d6 6.Bd2 b6 7.e4 c5 8.a3 Bxc3 
9.Bxc3 cxd4 10.Bxd4 e5 11.Bc3 Bb7 12.Nd2 Nbd7 13.g3 Ng4 14.Be2 f5 15.O-O 
Qg5 16.Qd1 Ndf6 17.h4 Qg6 18.exf5 Qxf5 19.Bf3 Bxf3 20.Qxf3 Qxf3 21.Nxf3 
Ne4 22.Ng5 Ngxf2 23.Nxe4 Nxe4 24.Be1 Rac8 25.b3 Rxf1+ 26.Kxf1 Kf7 27.Ke2 
Ke6 28.Ke3 Nf6 29.Kd3 Rf8 30.a4 Nd7 31.Ke2 Nc5 32.Rb1 a5 33.b4 Nxa4 34.
bxa5 bxa5 35.Bxa5 Ra8 36.Rb5 Ra6 37.Ke3 h5 38.Ke2 g6 39.Ke3 Nc5 40.Bb4 Nd7
41.Ba5 Rc6 42.Rb4 Rc8 43.Ke2 Nf6 44.Kd3 Nd7 45.Ke3 Rb8 46.Rxb8 Nxb8 47.Kf3
Nc6 48.Bc7 Nd4+ 49.Ke4 Nf5 50.Kf3 Kd7 51.Bb6 Kc6 52.Ba7 Nh6 53.Be3 Ng4 54.
Ba7 d5 55.cxd5+ Kxd5 56.Bb6 Ke6 57.Ke4 Nf6+ 58.Kd3 Kf5 59.Bc7 Ne4 60.g4+ 
hxg4 61.Ke3 Nf6 62.Ba5 Nd5+ 63.Kf2 Nf4 64.Bd2 Nh5 65.Bg5 Ke4 66.Bd8 Kd3 
67.Bc7 e4 68.Bb6 g3+ 69.Kg2 Ke2 70.Bd8 e3 71.Bg5 Kd3 72.Bd8 e2 73.Ba5 Kc2 
0-1

[Event "17th EUR-ch"]
[Site "Gjakova KOS"]
[Date "2016.05.15"]
[Round "4.16"]
[White "Kobalia, Mikhail"]
[Black "Kovalev, Vladislav"]
[Result "0-1"]
[WhiteElo "2646"]
[BlackElo "2562"]
[EventDate "2016.05.12"]
[PlyCount "142"]

1.e4 e5 2.Nf3 Nc6 3.Bb5 a6 4.Ba4 Nf6 5.O-O Be7 6.d3 b5 7.Bb3 O-O 8.Nc3 d6 
9.a3 Nb8 10.Ne2 Nbd7 11.c3 Nb6 12.Ng3 c5 13.d4 Qc7 14.Re1 a5 15.h3 Bd7 16.
Bd2 a4 17.Bc2 Nc4 18.Bc1 Rfc8 19.Bd3 cxd4 20.cxd4 Qb6 21.Bxc4 bxc4 22.dxe5
dxe5 23.Nxe5 Be6 24.Nf3 c3 25.bxc3 Rxc3 26.Qd4 Qb3 27.Re3 Rxe3 28.Qxe3 Rd8
29.Qxb3 axb3 30.Bb2 Nd7 31.Nd4 Nc5 32.Nc6 Rd7 33.Nxe7+ Rxe7 34.a4 Nd3 35.
Rd1 Bc4 36.Nf5 Rxe4 37.Bc3 Ba6 38.Nd4 b2 39.Rb1 f6 40.f3 Re7 41.Nb5 Rb7 
42.Bxb2 Bxb5 43.Bxf6 gxf6 44.Rxb5 Ra7 45.a5 Kf7 46.h4 Ne5 47.Rc5 Ra6 48.h5
Nc6 49.Kh2 Kg7 50.g4 Nxa5 51.Rc7+ Kh6 52.Kg3 Rb6 53.Rf7 Nb3 54.f4 Nd2 55.
Re7 Rb3+ 56.Kg2 f5 57.gxf5 Rb4 58.f6 Rxf4 59.f7 Nb3 60.Kg3 Rf1 61.Kg2 Rf5 
62.Rd7 Nc1 63.Kg3 Ne2+ 64.Kg4 Rf4+ 65.Kh3 Nc3 66.Kg3 Rf6 67.Kg4 Rf1 68.Kh3
Ne4 69.Kg2 Rf2+ 70.Kg1 Rf5 71.Kg2 Ng5 0-1

[Event "17th EUR-ch"]
[Site "Gjakova KOS"]
[Date "2016.05.15"]
[Round "4.17"]
[White "Petrosian, Manuel"]
[Black "Kravtsiv, Martyn"]
[Result "1/2-1/2"]
[WhiteElo "2480"]
[BlackElo "2641"]
[EventDate "2016.05.12"]
[PlyCount "46"]

1.Nf3 Nf6 2.g3 d5 3.Bg2 e6 4.c4 Be7 5.O-O O-O 6.b3 c5 7.Bb2 Nc6 8.cxd5 
Nxd5 9.d4 cxd4 10.Nxd4 Nxd4 11.Qxd4 Bf6 12.Qd2 b6 13.Bxf6 Qxf6 14.Nc3 Rd8 
15.Nxd5 exd5 16.Rfd1 Be6 17.Rac1 g6 18.Qd4 Qxd4 19.Rxd4 Rac8 20.Rxc8 Rxc8 
21.Bxd5 Bxd5 22.Rxd5 Rc2 23.a3 Ra2 1/2-1/2

[Event "17th EUR-ch"]
[Site "Gjakova KOS"]
[Date "2016.05.15"]
[Round "4.18"]
[White "Berkes, Ferenc"]
[Black "Sanikidze, Tornike"]
[Result "1-0"]
[WhiteElo "2636"]
[BlackElo "2537"]
[EventDate "2016.05.12"]
[PlyCount "109"]

1.d4 d5 2.Bf4 Nf6 3.e3 e6 4.Nd2 c5 5.c3 Nc6 6.Ngf3 Be7 7.Bd3 O-O 8.Qe2 b6 
9.Rd1 Nd7 10.h3 Re8 11.O-O c4 12.Bc2 b5 13.e4 b4 14.Rfe1 Nf8 15.Nf1 Bd7 
16.Ne3 Qa5 17.Qd2 Rad8 18.a3 bxc3 19.bxc3 Bc8 20.a4 Ng6 21.Bg3 Qa6 22.exd5
exd5 23.h4 Be6 24.h5 Nf8 25.Nf5 Bxf5 26.Bxf5 Bf6 27.Bc7 Ra8 28.Qf4 Qxa4 
29.h6 Ne7 30.Ne5 Nxf5 31.Qxf5 Bxe5 32.dxe5 Qd7 33.Qxd7 Nxd7 34.Rxd5 Nb6 
35.Ra5 gxh6 36.Re3 Re6 37.Rg3+ Kh8 38.f4 Rc8 39.Bd6 Rg6 40.Kf2 Rcg8 41.
Rxg6 Rxg6 42.Rxa7 Nd5 43.f5 Rg8 44.Rxf7 Nxc3 45.Rc7 Nb5 46.Rxc4 Nxd6 47.
exd6 Rd8 48.Rd4 Kg7 49.Kf3 Kf6 50.Kf4 h5 51.d7 h4 52.Rd6+ Ke7 53.Ke5 h5 
54.f6+ Kf7 55.Rd4 1-0

[Event "17th EUR-ch"]
[Site "Gjakova KOS"]
[Date "2016.05.15"]
[Round "4.19"]
[White "Andersen, Mads"]
[Black "Hovhannisyan, Robert"]
[Result "1/2-1/2"]
[WhiteElo "2505"]
[BlackElo "2632"]
[EventDate "2016.05.12"]
[PlyCount "114"]

1.d4 d5 2.c4 c6 3.Nf3 Nf6 4.Nc3 e6 5.Bg5 h6 6.Bxf6 Qxf6 7.Qb3 Qe7 8.e4 
dxe4 9.Nxe4 Qb4+ 10.Nc3 Qxb3 11.axb3 b6 12.g3 Bb7 13.Bg2 Nd7 14.Ne5 Nxe5 
15.dxe5 a5 16.O-O-O Rd8 17.Na4 Bb4 18.f4 g5 19.Kc2 Rg8 20.Bf3 b5 21.Nc3 
bxc4 22.bxc4 gxf4 23.gxf4 Ke7 24.Ne4 c5 25.Rxd8 Rxd8 26.Rd1 Rb8 27.Rd3 
Bxe4 28.Bxe4 Rg8 29.h3 Rg1 30.Rd1 Rg3 31.Rd3 Be1 32.Rxg3 Bxg3 33.f5 exf5 
34.Bxf5 Bxe5 35.b3 Kf6 36.Bc8 Bf4 37.Kd3 Ke5 38.Bd7 Bc1 39.Bc8 Bb2 40.Bd7 
Kf4 41.Bc8 Kf3 42.Bd7 Be5 43.Bc8 Kf4 44.Bd7 Bd4 45.Bc8 Kf3 46.Bd7 Kf2 47.
Bc8 Ke1 48.Bd7 Kd1 49.Bc8 Kc1 50.Bd7 f5 51.Ke2 Be5 52.Kf3 Kd2 53.Ba4 Kc3 
54.Ke2 Kd4 55.Kf3 h5 56.Bd7 Bd6 57.Ba4 Bc7 1/2-1/2

[Event "17th EUR-ch"]
[Site "Gjakova KOS"]
[Date "2016.05.15"]
[Round "4.20"]
[White "Ragger, Markus"]
[Black "Bortnyk, Olexandr"]
[Result "1-0"]
[WhiteElo "2696"]
[BlackElo "2565"]
[EventDate "2016.05.12"]
[PlyCount "103"]

1.d4 d6 2.e4 Nf6 3.Nc3 e5 4.Nf3 Nbd7 5.Bc4 Be7 6.a4 O-O 7.O-O a5 8.h3 c6 
9.Re1 h6 10.Be3 Re8 11.Qe2 Qc7 12.Bb3 Nf8 13.d5 Ng6 14.Nd2 Rf8 15.Nc4 Ra6 
16.Rad1 Kh7 17.Rf1 cxd5 18.Nxd5 Nxd5 19.Rxd5 f5 20.exf5 Bxf5 21.Rdd1 Nh4 
22.Bc1 Bxh3 23.gxh3 Nf3+ 24.Kh1 d5 25.Nxe5 Nxe5 26.Bxd5 Ng6 27.Rg1 Bc5 28.
Rg2 Kh8 29.Qc4 Nf4 30.Be3 Bd6 31.Bxf4 Rxf4 32.Qxc7 Bxc7 33.Bxb7 Rb6 34.Rd7
Rxb7 35.Rgxg7 Rxf2 36.Rh7+ Kg8 37.Rdg7+ Kf8 38.Rxc7 Rxc7 39.Rxc7 h5 40.Kg1
Re2 41.b3 h4 42.c3 Rc2 43.Rc5 Ke7 44.b4 Kd6 45.Kh1 axb4 46.cxb4 Ra2 47.a5 
Rb2 48.Rc4 Rb3 49.Kg2 Rb2+ 50.Kf3 Rb3+ 51.Kg4 Kd5 52.Rc5+ 1-0

[Event "17th EUR-ch"]
[Site "Gjakova KOS"]
[Date "2016.05.15"]
[Round "4.21"]
[White "Kulaots, Kaido"]
[Black "Kryvoruchko, Yuriy"]
[Result "1/2-1/2"]
[WhiteElo "2566"]
[BlackElo "2691"]
[EventDate "2016.05.12"]
[PlyCount "50"]

1.d4 Nf6 2.c4 e6 3.g3 d5 4.Nf3 Bb4+ 5.Bd2 Bd6 6.Bg2 O-O 7.O-O c6 8.b3 Ne4 
9.Nc3 f5 10.Nxe4 dxe4 11.Ne5 Nd7 12.Bc3 Qc7 13.Nxd7 Bxd7 14.Qd2 Rad8 15.e3
Be8 16.f3 exf3 17.Bxf3 Bg6 18.Qe2 c5 19.Rad1 b6 20.Rd2 Be7 21.d5 exd5 22.
Rxd5 Bf6 23.Bxf6 Rxf6 24.Rfd1 Rxd5 25.Bxd5+ Bf7 1/2-1/2

[Event "17th EUR-ch"]
[Site "Gjakova KOS"]
[Date "2016.05.15"]
[Round "4.22"]
[White "Hammer, Jon Ludvig"]
[Black "Tari, Aryan"]
[Result "1/2-1/2"]
[WhiteElo "2689"]
[BlackElo "2558"]
[EventDate "2016.05.12"]
[PlyCount "115"]

1.c4 e5 2.g3 Nc6 3.Bg2 Bc5 4.Nc3 d6 5.e3 a6 6.Nf3 Nge7 7.O-O O-O 8.d4 Ba7 
9.dxe5 dxe5 10.b3 Be6 11.Ba3 f6 12.Nd5 Rf7 13.Nxe7+ Nxe7 14.Qxd8+ Rxd8 15.
Rfd1 Rb8 16.Ne1 Nc6 17.Rd2 Rd8 18.Rad1 Rxd2 19.Rxd2 Rd7 20.Rxd7 Bxd7 21.
Bd5+ Kh8 22.Nd3 Bf5 23.e4 Bd7 24.Bc5 b6 25.Be3 Nd8 26.c5 b5 27.c6 Bxe3 28.
cxd7 Bd2 29.b4 c6 30.Bb3 g6 31.a3 Kg7 32.Nc5 Kf8 33.Nxa6 Ke7 34.Nc5 Bc1 
35.a4 Bd2 36.a5 Bxb4 37.Nb7 Bc3 38.a6 Bd4 39.Nxd8 Kxd8 40.Be6 b4 41.h4 Ba7
42.Kg2 c5 43.Kf3 c4 44.Bxc4 Kxd7 45.Bg8 Ke7 46.Ke2 Kf8 47.Bb3 Ke7 48.f4 h6
49.fxe5 fxe5 50.Kd3 Kd6 51.Kc4 g5 52.Kxb4 gxh4 53.gxh4 Kc7 54.Bd5 Be3 55.
Kc4 Kb6 56.Bb7 Ka7 57.Kd5 Bf4 58.Ke6 1/2-1/2

[Event "17th EUR-ch"]
[Site "Gjakova KOS"]
[Date "2016.05.15"]
[Round "4.23"]
[White "Can, Emre"]
[Black "Cheparinov, Ivan"]
[Result "0-1"]
[WhiteElo "2557"]
[BlackElo "2685"]
[EventDate "2016.05.12"]
[PlyCount "132"]

1.Nf3 d5 2.c4 e6 3.g3 dxc4 4.Qa4+ Nd7 5.Qxc4 a6 6.Bg2 b5 7.Qc2 Bb7 8.O-O 
Ngf6 9.b3 c5 10.Bb2 Be7 11.d3 O-O 12.Nbd2 Rc8 13.Rac1 Qb6 14.Qb1 Rfe8 15.
Qa1 Bd6 16.Rc2 e5 17.Rfc1 Rcd8 18.Ng5 Bxg2 19.Kxg2 Qb7+ 20.Kg1 Nd5 21.a3 
h6 22.Nge4 Bf8 23.Nf3 f5 24.Nc3 e4 25.dxe4 fxe4 26.Nh4 e3 27.f3 N5f6 28.
Rd1 Qc6 29.Rd3 Qe6 30.Nd1 Nb6 31.Rcc3 b4 32.Rxd8 Rxd8 33.axb4 cxb4 34.Rc1 
Rd2 35.Bxf6 Rxe2 36.Ng2 Nd5 37.Qe5 Qf7 38.Kf1 Rd2 39.Ndxe3 Nxf6 40.Ke1 Rd3
41.Nf4 Rxb3 42.Ne6 Nd7 43.Qe4 Nf6 44.Qe5 Qh5 45.Qxh5 Nxh5 46.Nd5 Rd3 47.
Rc8 Rxd5 48.Rxf8+ Kh7 49.f4 Nf6 50.Rf7 Kg6 51.Rxg7+ Kf5 52.Re7 Rd7 53.Rxd7
Nxd7 54.Nd4+ Kg4 55.Nc6 b3 56.Kd2 Kh3 57.Kc3 h5 58.Ne5 Nc5 59.f5 Kxh2 60.
g4 h4 61.f6 Ne4+ 62.Kxb3 Nxf6 63.g5 Ne8 64.Nf3+ Kg3 65.Ng1 Kg4 66.g6 Kh5 
0-1

[Event "17th EUR-ch"]
[Site "Gjakova KOS"]
[Date "2016.05.15"]
[Round "4.24"]
[White "Naer, Evgeny"]
[Black "Bogner, Sebastian"]
[Result "1-0"]
[WhiteElo "2681"]
[BlackElo "2555"]
[EventDate "2016.05.12"]
[PlyCount "71"]

1.e4 e5 2.Nf3 Nc6 3.Bc4 Bc5 4.d3 Nf6 5.O-O d6 6.c3 a6 7.a4 Ba7 8.Na3 h6 9.
Nc2 O-O 10.Be3 Ne7 11.Bxa7 Rxa7 12.a5 Ng6 13.Ne3 Be6 14.Bxe6 fxe6 15.Ra4 
d5 16.Re1 c6 17.exd5 exd5 18.Ng4 Nxg4 19.Rxg4 Qf6 20.c4 Raa8 21.cxd5 cxd5 
22.Qb3 Nf4 23.Rxe5 Rae8 24.Re4 Qc6 25.Rxe8 Rxe8 26.h3 Rf8 27.Kh2 Qd7 28.d4
Kh7 29.Ne5 Qc8 30.Qg3 Nh5 31.Qb3 Rxf2 32.Qxd5 Qf5 33.Qxb7 Rd2 34.Qxa6 Rxd4
35.Qg6+ Qxg6 36.Nxg6 1-0

[Event "17th EUR-ch"]
[Site "Gjakova KOS"]
[Date "2016.05.15"]
[Round "4.25"]
[White "Dvirnyy, Danyyil"]
[Black "Nisipeanu, Liviu-Dieter"]
[Result "1/2-1/2"]
[WhiteElo "2552"]
[BlackElo "2669"]
[EventDate "2016.05.12"]
[PlyCount "36"]

1.d4 Nf6 2.c4 e6 3.Nc3 Bb4 4.Qc2 O-O 5.Nf3 c5 6.dxc5 Na6 7.g3 Nxc5 8.Bg2 
b6 9.O-O Bb7 10.Nb5 Be4 11.Qd1 Nb7 12.a3 a6 13.axb4 axb5 14.Rxa8 Qxa8 15.
Bg5 bxc4 16.Bxf6 gxf6 17.Qxd7 Qd8 18.Rd1 Bc6 1/2-1/2

[Event "17th EUR-ch"]
[Site "Gjakova KOS"]
[Date "2016.05.15"]
[Round "4.27"]
[White "Antal, Gergely"]
[Black "Moiseenko, Olexandr"]
[Result "1/2-1/2"]
[WhiteElo "2539"]
[BlackElo "2663"]
[EventDate "2016.05.12"]
[PlyCount "114"]

1.e4 c5 2.Nf3 Nc6 3.Bb5 e6 4.O-O Nge7 5.Re1 Ng6 6.c3 d5 7.Qa4 dxe4 8.Bxc6+
bxc6 9.Qxc6+ Qd7 10.Qxd7+ Bxd7 11.Rxe4 Bc6 12.Re3 Bd6 13.d4 Bf4 14.Re1 
Bxc1 15.Rxc1 Bxf3 16.gxf3 Nf4 17.Kf1 Rb8 18.b3 Ke7 19.dxc5 Rhd8 20.Na3 Rd5
21.Nc2 Rxc5 22.Nd4 Rd8 23.Ne2 Nxe2 24.Kxe2 Re5+ 25.Kf1 Rd3 26.c4 Rxf3 27.
c5 Kd7 28.Rc4 Kc6 29.Rac1 Ref5 30.R1c2 R5f4 31.Kg2 a5 32.Rxf4 Rxf4 33.a3 
g5 34.Rc3 h5 35.h3 f6 36.Re3 e5 37.Rc3 g4 38.hxg4 hxg4 39.Kg3 Rd4 40.Kh4 
Re4 41.Kg3 Rf4 42.Kg2 Rd4 43.Kg3 f5 44.Kh4 e4 45.Kg5 Rd3 46.Rc2 Rxb3 47.
Kxf5 Rxa3 48.Kxg4 Ra4 49.Kf4 Rb4 50.f3 exf3+ 51.Kxf3 a4 52.Ke3 a3 53.Kd3 
Rb3+ 54.Kc4 Rb2 55.Kc3 Rb5 56.Ra2 Rxc5+ 57.Kb4 Rb5+ 1/2-1/2

[Event "17th EUR-ch"]
[Site "Gjakova KOS"]
[Date "2016.05.15"]
[Round "4.28"]
[White "Dreev, Alexei"]
[Black "Esen, Baris"]
[Result "1/2-1/2"]
[WhiteElo "2662"]
[BlackElo "2508"]
[EventDate "2016.05.12"]
[PlyCount "129"]

1.d4 Nf6 2.Nf3 g6 3.g3 Bg7 4.Bg2 d5 5.c4 dxc4 6.O-O O-O 7.Na3 c3 8.bxc3 c5
9.Re1 Nc6 10.e4 Bg4 11.Bb2 e5 12.d5 Na5 13.c4 Ne8 14.Qa4 Bd7 15.Qc2 f6 16.
Nb1 Nd6 17.Nbd2 b6 18.Bf1 Nab7 19.a4 Nf7 20.Bg2 Qc7 21.Nb3 Nbd6 22.a5 Rae8
23.axb6 axb6 24.Nbd2 f5 25.Qb3 Bc8 26.Bc3 fxe4 27.Nxe4 Nxe4 28.Rxe4 Nd6 
29.Nd2 Nxe4 30.Nxe4 Bf5 31.Re1 Rb8 32.Qb2 Rfe8 33.Qd2 h6 34.h3 Rbd8 35.Qb2
g5 36.Qe2 Qd7 37.Kh2 Ra8 38.Qb2 Ra6 39.Rb1 Rf8 40.Rd1 Re8 41.d6 Rea8 42.
Rd2 Re8 43.Qb1 Be6 44.Rb2 Qd8 45.Qd3 Qd7 46.Rd2 Rd8 47.Rb2 Qf7 48.Qb1 Qa7 
49.Nxc5 bxc5 50.Rb7 Qxb7 51.Qxb7 Raxd6 52.Qe4 Bf7 53.Qc2 e4 54.Bxg7 Kxg7 
55.Qxe4 Rf6 56.Qe5 Rd2 57.f4 gxf4 58.gxf4 Bxc4 59.Kg3 Rd3+ 60.Kf2 Rd4 61.
Be4 Bd3 62.Qe7+ Rf7 63.Qe5+ Rf6 64.Qe7+ Rf7 65.Qe5+ 1/2-1/2

[Event "17th EUR-ch"]
[Site "Gjakova KOS"]
[Date "2016.05.15"]
[Round "4.29"]
[White "Stocek, Jiri"]
[Black "Postny, Evgeny"]
[Result "1-0"]
[WhiteElo "2531"]
[BlackElo "2662"]
[EventDate "2016.05.12"]
[PlyCount "93"]

1.d4 d5 2.c4 c6 3.Nf3 Nf6 4.Nc3 dxc4 5.a4 e6 6.e4 Bb4 7.e5 Nd5 8.Bd2 b5 9.
axb5 Bxc3 10.bxc3 cxb5 11.Ng5 Nd7 12.h4 Qe7 13.Qh5 Bb7 14.Rh3 h6 15.Ne4 
Nf4 16.Qg4 Bxe4 17.Bxf4 f5 18.exf6 Nxf6 19.Qd1 O-O 20.Be5 Rf7 21.Re3 Raf8 
22.f4 Bf5 23.Bxf6 Qxf6 24.g3 g5 25.hxg5 hxg5 26.Kd2 b4 27.Bxc4 Rc8 28.Qb3 
bxc3+ 29.Qxc3 Rh7 30.Rc1 gxf4 31.Rxe6 Bxe6 32.Bxe6+ Kg7 33.Bxc8 Rh2+ 34.
Kd3 Qg6+ 35.Kc4 fxg3 36.d5+ Kh6 37.Qh8+ Kg5 38.Qe5+ Kh6 39.Qh8+ Kg5 40.
Qe5+ Kh6 41.Qe6 Kg5 42.Qxg6+ Kxg6 43.Bb7 Rb2 44.Bc6 g2 45.d6 Kf6 46.d7 Rd2
47.Re1 1-0

[Event "17th EUR-ch"]
[Site "Gjakova KOS"]
[Date "2016.05.15"]
[Round "4.30"]
[White "Sivuk, Vitaly"]
[Black "Jones, Gawain"]
[Result "1/2-1/2"]
[WhiteElo "2532"]
[BlackElo "2657"]
[EventDate "2016.05.12"]
[PlyCount "131"]

1.e4 c5 2.Nf3 d6 3.d4 cxd4 4.Nxd4 Nf6 5.Nc3 g6 6.Be3 Bg7 7.f3 Nc6 8.Qd2 
O-O 9.g4 Be6 10.Nxe6 fxe6 11.O-O-O Ne5 12.Be2 Qc8 13.h4 Nfd7 14.h5 Nc4 15.
Bxc4 Qxc4 16.hxg6 hxg6 17.f4 Bxc3 18.bxc3 Qxa2 19.Qh2 Kf7 20.Qh7+ Ke8 21.
e5 dxe5 22.Qxg6+ Kd8 23.Bc5 Kc7 24.Bxe7 Rxf4 25.Qd3 Qa1+ 26.Kd2 Qa6 27.
Qxa6 bxa6 28.Rh7 Kc6 29.g5 Nb6 30.Rg1 Nd5 31.Rg2 Re8 32.Bf6 e4 33.Rxa7 e3+
34.Ke2 Kb6 35.Rd7 Rh4 36.Bd4+ Kc6 37.Rf7 Nf4+ 38.Rxf4 Rxf4 39.Bxe3 Rc4 40.
Kd3 Rh4 41.g6 Rd8+ 42.Bd4 e5 43.g7 Rh3+ 44.Ke4 exd4 45.g8=Q Re3+ 46.Kf4 
Rxg8 47.Rxg8 Rxc3 48.Ke4 Kc5 49.Rc8+ Kb5 50.Rb8+ Ka4 51.Kxd4 Rxc2 52.Kd3 
Rc5 53.Kd2 a5 54.Rb2 Rh5 55.Kc2 Rh1 56.Rb8 Ka3 57.Rb3+ Ka2 58.Rb2+ Ka1 59.
Rb5 a4 60.Rb4 a3 61.Rb8 Rh2+ 62.Kc1 Rb2 63.Rc8 Rb7 64.Rc6 a2 65.Rc8 Rc7+ 
66.Rxc7 1/2-1/2

[Event "17th EUR-ch"]
[Site "Gjakova KOS"]
[Date "2016.05.15"]
[Round "4.31"]
[White "Swiercz, Dariusz"]
[Black "Deac, Bogdan-Daniel"]
[Result "1-0"]
[WhiteElo "2656"]
[BlackElo "2501"]
[EventDate "2016.05.12"]
[PlyCount "125"]

1.e4 e5 2.Nf3 Nc6 3.Bc4 Bc5 4.c3 Nf6 5.d3 a6 6.O-O Ba7 7.Bb3 d6 8.Re1 O-O 
9.h3 Ne7 10.Nbd2 Ng6 11.Nf1 b5 12.Ng3 Bb7 13.a4 Bb6 14.Nf5 c5 15.Bg5 h6 
16.Bxh6 gxh6 17.Qd2 Nh7 18.Qxh6 Qf6 19.Nh2 Nf4 20.Ng4 Qxh6 21.Ngxh6+ Kh8 
22.Nxd6 Nxd3 23.Re3 c4 24.Rxd3 cxd3 25.Nxb7 bxa4 26.Bc4 Ng5 27.Nd6 Bc5 28.
Nhxf7+ Nxf7 29.Nxf7+ Rxf7 30.Bxf7 Rf8 31.Bh5 Rxf2 32.Kh2 Rxb2 33.Rxa4 Be3 
34.h4 Rc2 35.Rxa6 Rxc3 36.Ra1 Bf2 37.Kh3 d2+ 38.Bf3 Rc1 39.Ra2 Rh1+ 40.Kg4
Rxh4+ 41.Kf5 Be3 42.Kxe5 Rh1 43.Ra3 Rf1 44.Rd3 Kg7 45.Ke6 Re1 46.Kf5 Rf1 
47.Ke6 Re1 48.Rd5 Kg6 49.Bh5+ Kg7 50.Bf3 Kg6 51.Bh5+ Kg7 52.Bg4 Kg6 53.Bf3
Bf4 54.Bh5+ Kg7 55.Kf5 Rf1 56.Be2 Rf2 57.Bf3 Be3 58.Rd7+ Kg8 59.e5 Rf1 60.
Kg6 Kf8 61.e6 Bc5 62.Rf7+ Kg8 63.e7 1-0

[Event "17th EUR-ch"]
[Site "Gjakova KOS"]
[Date "2016.05.15"]
[Round "4.32"]
[White "Nakar, Eylon"]
[Black "Bartel, Mateusz"]
[Result "0-1"]
[WhiteElo "2498"]
[BlackElo "2653"]
[EventDate "2016.05.12"]
[PlyCount "44"]

1.e4 c6 2.d4 d5 3.e5 Bf5 4.Nf3 e6 5.Be2 Nd7 6.O-O h6 7.c3 Ne7 8.Nbd2 Qc7 
9.b4 g5 10.Nb3 Bg7 11.a4 O-O 12.h4 g4 13.Ne1 f6 14.exf6 Nxf6 15.Nc5 Ng6 
16.h5 Nf4 17.Bxf4 Qxf4 18.Ned3 Qg5 19.Nxb7 Ne4 20.Rc1 g3 21.Nbc5 Nxc3 22.
Rxc3 Bxd4 0-1

[Event "17th EUR-ch"]
[Site "Gjakova KOS"]
[Date "2016.05.15"]
[Round "4.33"]
[White "Gasanov, Eldar"]
[Black "Kovalenko, Igor"]
[Result "0-1"]
[WhiteElo "2496"]
[BlackElo "2644"]
[EventDate "2016.05.12"]
[PlyCount "102"]

1.d4 d5 2.c4 e6 3.Nc3 Nf6 4.Bg5 Be7 5.e3 O-O 6.Rc1 Nbd7 7.Nf3 h6 8.Bh4 
dxc4 9.Bxc4 a6 10.a4 b6 11.O-O Bb7 12.Qe2 Nh5 13.Bxe7 Qxe7 14.Rfd1 Nhf6 
15.e4 Rfc8 16.e5 Nd5 17.Nxd5 exd5 18.Bd3 Nf8 19.Bf5 Rd8 20.a5 bxa5 21.Rc5 
Bc8 22.Bxc8 Raxc8 23.Rxa5 Ne6 24.Rxa6 Rb8 25.Rc6 Rb4 26.g3 Rdb8 27.Rc2 Qd7
28.Rdd2 Qa4 29.Kg2 Qa2 30.h4 R8b6 31.Kh2 Qa4 32.Kg2 Qd7 33.Rc3 Ra4 34.Rcc2
Nf4+ 35.gxf4 Qg4+ 36.Kh2 Rg6 37.Ng5 Qxf4+ 38.Kh3 hxg5 39.Qg4 Ra1 40.f3 Qe3
41.h5 f5 42.exf6 Rxf6 43.Rf2 Rh1+ 44.Kg3 Rg1+ 45.Rg2 Rf4 46.Qc8+ Kh7 47.
Rf2 Rh1 48.Qxc7 Rg4+ 49.Kxg4 Qe6+ 50.Kxg5 Qf6+ 51.Kg4 Rh4+ 0-1